000 01414cam a2200241 4500
001 ##L135619
008 061116n2006 000 0 eng u
035 _a(Sirsi) u135619
041 0 _aeng
050 0 4 _a627.1 $2 18
110 1 _aUnited Kingdom
_bDepartment for Communities and Local Government
_94939
245 0 4 _aThe implications of the EU water framework directive for plans, plan making and development control
_ba scoping study
260 _aLondon
_bDCLG
_c2006
520 _aAims to raise awareness of the water framework directive (Directive 2000/60/EC) amongst planning authorities and planning professionals. Seeks to facilitate a better understanding of the implications of implementing the directive for plans, plan making and development control and to involve planning professionals in the process of identifying both opportunities and also issues/possible solutions relating to directive implementation and through the above to collect relevant information to inform future decisions and actions.
590 _aKA
650 2 4 _aDIRECTIVE 2000/60/EC
651 0 4 _aUnited Kingdom
_y
690 _aENVIRONMENTAL AND LAND CONSULTANCY-WATER RESOURCE MANAGEMENT
700 1 _aCork, Mat
710 2 _aJan Brooke Environmental Consultant Ltd
856 4 0 _uhttps://www.communities.gov.uk/index.asp?id=1504250
_zView the scoping study free of charge at www.communities.gov.uk...
942 _n0
999 _c106115
_d106115